S. Antonio Abate : nel xvi centenario della sua morte 356-1956.
محفوظ في:
مؤلف مشترك:
التنسيق: كتاب
اللغة: Italian
منشور في:
Cairo :
Tipografia Mondiale,
1956.
الموضوعات:
الوسوم: إضافة وسم
لا توجد وسوم, كن أول من يضع وسما على هذه التسجيلة!
رقم الطلب: BX4705 .A85 A68 1956
| LEADER | 00595namaa2200193 4500 | ||
|---|---|---|---|
| 003 | OSt | ||
| 005 | 20251110063516.0 | ||
| 008 | 130303s1956 ua a 000 0cita d | ||
| 040 | |c ARCE Library | ||
| 050 | 4 | |a BX4705 .A85 A68 1956 | |
| 110 | 2 | |a Missione Francescana dell'alto Egitto. | |
| 245 | 1 | 0 | |a S. Antonio Abate : |b nel xvi centenario della sua morte 356-1956. |
| 264 | 1 | |a Cairo : |b Tipografia Mondiale, |c 1956. | |
| 300 | |a 129 pages : |b illustrations ; |c 25 cm. | ||
| 600 | 0 | 0 | |a Abate, Antonio, |c Saint. |
| 650 | 0 | |a Christian saints |v Biography. | |
| 901 | |a reviewed | ||
| 942 | |c BK |2 lcc | ||
| 999 | |c 7376 |d 7376 | ||
